Central Library OPAC University of Rajshahi

Chemistry for technologists / (Record no. 68741)

MARC details
000 -LEADER
fixed length control field 00566nam a2200205 a 4500
001 - CONTROL NUMBER
control field 68741
003 - CONTROL NUMBER IDENTIFIER
rucl marc code BD-RjUL
005 - DATE AND TIME OF LATEST TRANSACTION
control field 20211209081814.0
008 - FIXED-LENGTH DATA ELEMENTS--GENERAL INFORMATION
fixed length control field 170405s1972 enka b 00110 eng d
035 ## - SYSTEM CONTROL NUMBER
System control number (BD-RjUL)68952
040 ## - CATALOGING SOURCE
Original cataloging agency BD-RjUL
Language of cataloging eng
Transcribing agency BD-RjUL
041 ## - LANGUAGE CODE
Language code of text/sound track or separate title eng
082 ## - DEWEY DECIMAL CLASSIFICATION NUMBER
Classification number 540.246
Edition number 23
Author mark and year PAC 1972
100 10 - MAIN ENTRY--PERSONAL NAME
Personal name Palin, G. R.
9 (RLIN) 203732
245 1# - TITLE STATEMENT
Title Chemistry for technologists /
Statement of responsibility, etc. by G. R. Palin.
260 0# - PUBLICATION, DISTRIBUTION, ETC. (IMPRINT)
Place of publication, distribution, etc. Oxford :
-- New York :
Name of publisher, distributor, etc. Pergamon Press,
Date of publication, distribution, etc. 1972
300 ## - PHYSICAL DESCRIPTION
Pagination vii, 348 p. :
Illustrations ill. ;
Size 20 cm.
650 ## - SUBJECT ADDED ENTRY--TOPICAL TERM
Topical term or geographic name as entry element Chemistry
9 (RLIN) 203733
942 ## - ADDED ENTRY ELEMENTS (KOHA)
Source of classification or shelving scheme Dewey Decimal Classification
Koha item type Books
Holdings
Lost status Source of classification or shelving scheme Damaged status Not for loan Collection code Permanent Location Current Location Shelving location Date acquired Source of acquisition Cost, normal purchase price Total Checkouts Full call number Date last seen Copy number Koha item type
  Dewey Decimal Classification   Not For Loan Non-fiction Central Library, University of Rajshahi Central Library, University of Rajshahi Reading Room 16/04/1977 Heffer 3.50   540.246 PAC 1972 05/04/2017 C-1 Books